000 02125nam0a2200409 4500
001 RU\NLR\BIBL_A\016304812
005 20250625033408.0
010 _a978-5-7429-1473-0
_9300
021 _aRU
_b2023-4750
_9КН-П-453
035 _a(RuMoRGB)011556357
035 _a(NLR Aleph) 016304812
090 _a12984446
_c12984446
100 _a20230307d2022 |||y0rusy50 ca
101 0 _arus
102 _aRU
105 _aa z 010zy
181 0 _ai3
_baxxe
182 0 _an
200 1 _aКрестные и крестники в современной России
_eпо материалам социологического опроса
_fО. Н. Борисова
_gПравославный Свято-Тихоновский гуманитарный университет
203 _aТекст
_bвизуальный
_cнепосредственный
210 _aМосква
_cПСТГУ
_d2022
215 _a122, [1] с.
_cтабл.
_d21
225 1 _aСерия аналитических изданий
_fредкол.: прот. Николай Емельянов [и др.]
300 _aНа авантит.: Православный Свято-Тихоновский гуманитарный университет - 30 лет
606 _aОбщественное мнение
_xСоциологические исследования
_2RuMoRGB
606 1 _aКрещение
_xПравославная концепция
_92223393
_3RU\NLR\AUTH\6601567948
606 1 _aПравославные
_xСоциологические исследования
_yРоссийская Федерация
_92188548
_3RU\NLR\AUTH\6601551663
675 _a271.22-558.3:303.1(082)
_v4
686 2 _aЭ372.24-503.261
686 1 _aС550.566
700 1 _aБорисова
_bО. Н.
_cсоциолог, социология семьи
_gОльга Николаевна
_9245744
_3RU\NLR\AUTH\770245800
942 _cBOOK
980 _aNB